000 00555naa a2200181 a 4500
001 81069
003 BD-RjUL
005 20230114173044.0
008 230114s1926 ii ||||| |||| 00| 0 ara d
035 _a(BD-RjUL)81069
040 _aBD-RjUL
_beng
_cBD-RjUL
041 _aara
082 _223
_a297.3822
_b BAM 1928
245 1 0 _aمشكوة الصلوات Mishkaatus-salawat /
_cSelahuddin Mohd Elias Burney سلاح الدين محمد الياس بورني
260 _aLahore :
_bTaj com,
_c1926
300 _a152 p. ;
_c18 cm
942 _2ddc
_cBK
999 _c81069
_d81069